Siendo los alistamientos para el exército uno de los puntos que llaman mas principalmente la atencion de la junta suprema central gubernativa del reino...

Detalles Bibliográficos
Autor Corporativo: Franciscanos
Formato: Libro
Lenguaje:Spanish
Publicado: [Real Alcazar de Sevilla : reimpreso en la casa de Misericordia de Cadiz,] 1810?
Materias:
Colección:Banco de datos
Acervo:Fondo Bibliográfico Antiguo del Archivo Municipal de Orizaba
Descripción Física:[2] h. ; f°
Tema general:Derecho civil
Derecho eclesiástico
Notas:Texto a renglón seguido. Colofón: Real Alcazar de Sevilla 4 de enero de 1810: reimpreso en la casa de Misericordia de Cadiz, 1810. Encuadernación en piel sobre cartón
LEADER 01053nam a22002050004500
035 |a 1720 
041 0 |a spa 
110 1 |a Franciscanos 
245 1 0 |a Siendo los alistamientos para el exército uno de los puntos que llaman mas principalmente la atencion de la junta suprema central gubernativa del reino... 
260 |a [Real Alcazar de Sevilla : reimpreso en la casa de Misericordia de Cadiz,] 1810? 
300 |a [2] h. ; f° 
500 |a Texto a renglón seguido. Colofón: Real Alcazar de Sevilla 4 de enero de 1810: reimpreso en la casa de Misericordia de Cadiz, 1810. Encuadernación en piel sobre cartón 
501 |a 40 obras 
504 |a Este documento impreso no tiene portada sino una rúbrica o título de partida al comienzo del texto de donde se ha tomado el título, mientras que la ciudad de impresión y el año del colofón del texto 
650 1 0 |a Derecho civil 
650 1 0 |a Derecho eclesiástico 
949 |a 2503-I 
942 |c ORIZABA 
943 |g Fondo Bibliográfico Antiguo del Archivo Municipal de Orizaba 
999 |c 1103670  |d 1103670